О конкуренции иностранных фирм на территории СССР

Доступно только в Электронных читальных залах Найти на картеНа карте
RUSMARC
00003604nac2a22002533x 450
001d81d4ecd-65f4-439b-86a2-c67ee3e961e6
00520220203202551.0
100##$a20211219l1925 k y0rusy50 ca
1010#$arus
102##$aRU
105##$ay z |||||
1220#$ad19250917
2001#$aО конкуренции иностранных фирм на территории СССР
$j17.09.1925
215##$a8 листов
251##$cДело
300##$aВ деле обратная нумерация
300##$aМашинописный и рукописный текст
324##$aВ деле имеются копии отдельных документов
461#0$1001796d4672-8a00-4986-b488-6e42273792cc
$12001
$aЦЕНТРАЛЬНЫЙ ИСПОЛНИТЕЛЬНЫЙ КОМИТЕТ СССР (ЦИК СССР)
$1251
$cФонд
$1852
$j3316
$gР
462#0$1001695fbc83-70c9-44d4-9de9-10349b3c2ddf
$12001
$aДела Секретариата Президиума ЦИК Союза ССР за 1925 г.
$vД. 810
$1251
$cОпись
$1852
$j18
60101$3RU\NLR\AUTH\880357276
$aСССР
$bЦИК
801#0$aRU
$bGA_RF
801#1$aRU
$bГлавНИВЦ
$c20211219
$2rusmarc
801#2$aRU
$bПБ им. Б.Н. Ельцина
$c20220203
$gRCR
$2rusmarc
852##$aГА РФ
$j810
937##$d173817685
$hГАРФ
035##$aRuPRLIB51066270
856##$uhttp://readingroom.main.prlib.ru/item.aspx?id_node=n173817685&mode=full
Формат отображения